LEADER 01482nam a2200301 i 4500 001 000000192737 003 CaOOAMICUS 005 20221118143402.0 008 101122s2006 it u000 u ita u 013 $a171362 020 $a88-14-13148-1 040 $aSeMil$bita 245 13$aLa presunzione di validità dell'atto nel diritto canonico /$ca cura di Antonio S. Sánchez Gil. 260 $aMilano :$bGiuffrè,$c2006. 300 $aX, 275 p. ;$c22 cm. 490 0 $aMonografie giuridiche ;$v30 650 4$aDiritto canonico - Studi.$0(OLS)http://semarc/subject/1680 650 4$aPresunzioni - Diritto canonico.$0(OLS)http://semarc/subject/34618 650 4$aAtti giuridici - Validità - Presunzioni - Diritto canonico.$0(OLS)http://semarc/subject/36256 700 1 $aSánchez Gil, Antonio S.$0(OLS)http://semarc/name/70238 830 0$aMonografie giuridiche / Ateneo romano della Santa Croce ; [poi] Pontificio Ateneo della Santa Croce ; [poi] Pontificia università della Santa Croce ;$v30.$0(OLS)http://semarc/title/431566 850 $aSeMil 852 $aSeMil$W1$xVenegono$y1$m2J V 170$j143312$B143312$CSeMilBibl$Z2$F156720 $81 961 $aAcquisto: L.S. srl 996 $6020$a88-14-13148-1$9(OLS)http://semarc/number/184037 996 $6245$aLa presunzione di validità dell'atto nel diritto canonico$9(OLS)http://semarc/title/277832 996 $6260$aMilano :$bGiuffrè$9(OLS)http://semarc/publisher/29926 LEADER 00776nam a2200205 i 4500 001 000000048793 003 CaOOAMICUS 005 20120521000000.0 008 120521s1963 xx u000 u ger u 013 $a19963 040 $aSeMil$bita 100 1 $aThielicke, Helmut <1908-1986>.$0(OLS)http://semarc/name/569 245 10$aEinführung in die christliche Ethik /$cHelmut Thielicke. 260 $aMünchen :$bPiper,$c1963. 300 $a260 p. ;$c19 cm. 650 4$aTeologia morale.$0(OLS)http://semarc/subject/91 850 $aSeMil 852 $aSeMil$W1$xVenegono$y1$m2E I 162$j14948$B14948$CSeMilBibl$Z2$F14948 $81 996 $6245$aEinführung in die christliche Ethik$9(OLS)http://semarc/title/73897 996 $6260$aMünchen :$bPiper$9(OLS)http://semarc/publisher/41066